| 000 | 00728nam a2200241Ia 4500 | ||
|---|---|---|---|
| 003 | GCL | ||
| 008 | 140319s9999 xx 000 0 ara d | ||
| 040 |
_aGCL / _cGCL |
||
| 082 | 0 | 4 |
_a501 _bج م |
| 100 | 1 | _aجاموف جورج | |
| 245 | 1 | 0 |
_aبداية بلانهاية / _cجاموف جورج |
| 700 | 1 | _aمحمد زاهر المنشاوى (مترجم) | |
| 260 |
_a[S.N] : _bالهيئة المصرية العامة للكتاب ، _c1990 |
||
| 300 | _a328 ص | ||
| 490 |
_aالالف كتاب _v0 |
||
| 650 | 0 | 4 | _aالرياضيات |
| 650 | 0 | 4 | _aالفيزياء |
| 650 | 0 | 4 | _aالكيمياء الحيوية |
| 650 | 0 | 4 | _aالكون |
| 650 | 0 | 4 | _aاينشتين |
| 650 | 0 | 4 | _aالنسبية |
| 942 |
_2ddc _cBK |
||
| 999 |
_c31174 _d31174 |
||